<?xml version="1.0" encoding="UTF-8"?>
<record
    xmlns:xsi="http://www.w3.org/2001/XMLSchema-instance"
    xsi:schemaLocation="http://www.loc.gov/MARC21/slim http://www.loc.gov/standards/marcxml/schema/MARC21slim.xsd"
    xmlns="http://www.loc.gov/MARC21/slim">

  <leader>03179cam a22005897i 4500</leader>
  <controlfield tag="001">19433559</controlfield>
  <controlfield tag="003">OSt</controlfield>
  <controlfield tag="005">20240202155513.0</controlfield>
  <controlfield tag="008">170106t20172017flua   j      001 0 eng d</controlfield>
  <datafield tag="010" ind1=" " ind2=" ">
    <subfield code="a">  2017930483</subfield>
  </datafield>
  <datafield tag="020" ind1=" " ind2=" ">
    <subfield code="a">9781609911782</subfield>
    <subfield code="q">(hardback)</subfield>
  </datafield>
  <datafield tag="020" ind1=" " ind2=" ">
    <subfield code="a">1609911784</subfield>
    <subfield code="q">(hardback)</subfield>
  </datafield>
  <datafield tag="020" ind1=" " ind2=" ">
    <subfield code="a">9781847948151</subfield>
  </datafield>
  <datafield tag="020" ind1=" " ind2=" ">
    <subfield code="a">1847948154</subfield>
  </datafield>
  <datafield tag="035" ind1=" " ind2=" ">
    <subfield code="a">(OCoLC)on1000174818</subfield>
  </datafield>
  <datafield tag="040" ind1=" " ind2=" ">
    <subfield code="a">AU@</subfield>
    <subfield code="b">eng</subfield>
    <subfield code="c">AU@</subfield>
    <subfield code="e">rda</subfield>
    <subfield code="d">OCLCO</subfield>
    <subfield code="d">IK2</subfield>
    <subfield code="d">AUPTL</subfield>
    <subfield code="d">SO$</subfield>
    <subfield code="d">TXNPS</subfield>
    <subfield code="d">OCLCF</subfield>
    <subfield code="d">OCLCQ</subfield>
    <subfield code="d">JTH</subfield>
    <subfield code="d">RTOPP</subfield>
    <subfield code="d">RIOSL</subfield>
    <subfield code="d">P@N</subfield>
    <subfield code="d">VP@</subfield>
    <subfield code="d">IUK</subfield>
    <subfield code="d">PFLCL</subfield>
    <subfield code="d">OCLCQ</subfield>
    <subfield code="d">FPB</subfield>
    <subfield code="d">BTCTA</subfield>
    <subfield code="d">BDX</subfield>
    <subfield code="d">TXB</subfield>
    <subfield code="d">SBRWN</subfield>
    <subfield code="d">MCT</subfield>
    <subfield code="d">SLPLM</subfield>
    <subfield code="d">LIV</subfield>
    <subfield code="d">IGA</subfield>
    <subfield code="d">NZAUC</subfield>
    <subfield code="d">OCL</subfield>
    <subfield code="d">H4N</subfield>
    <subfield code="d">PHUST</subfield>
    <subfield code="d">OCLCQ</subfield>
    <subfield code="d">OCLCO</subfield>
    <subfield code="d">TXLAM</subfield>
    <subfield code="d">RKWLC</subfield>
    <subfield code="d">NZIPP</subfield>
    <subfield code="d">JTH</subfield>
    <subfield code="d">OCLCO</subfield>
    <subfield code="d">BAZ</subfield>
    <subfield code="d">BYV</subfield>
    <subfield code="d">YLZ</subfield>
    <subfield code="d">K#T</subfield>
    <subfield code="d">OCLCO</subfield>
    <subfield code="d">OCL</subfield>
    <subfield code="d">OCLCQ</subfield>
    <subfield code="d">OCL</subfield>
    <subfield code="d">OCLCQ</subfield>
    <subfield code="d">DLC</subfield>
  </datafield>
  <datafield tag="042" ind1=" " ind2=" ">
    <subfield code="a">lccopycat</subfield>
  </datafield>
  <datafield tag="050" ind1="0" ind2="0">
    <subfield code="a">AG244</subfield>
    <subfield code="b">.T53146 2017</subfield>
  </datafield>
  <datafield tag="082" ind1="0" ind2="4">
    <subfield code="a">031.02</subfield>
    <subfield code="b">TIB/R</subfield>
  </datafield>
  <datafield tag="084" ind1=" " ind2=" ">
    <subfield code="a">REF007000</subfield>
    <subfield code="a">REF027000</subfield>
    <subfield code="a">REF018000</subfield>
    <subfield code="2">bisacsh</subfield>
  </datafield>
  <datafield tag="100" ind1="1" ind2=" ">
    <subfield code="a">Tibballs, Geoff</subfield>
    <subfield code="e">author.</subfield>
    <subfield code="9">10367</subfield>
  </datafield>
  <datafield tag="245" ind1="1" ind2="0">
    <subfield code="a">Ripley's believe it or not! :</subfield>
    <subfield code="b">shatter your senses! /</subfield>
    <subfield code="c">text, Geoff Tibballs.</subfield>
  </datafield>
  <datafield tag="246" ind1="3" ind2="0">
    <subfield code="a">Shatter your senses</subfield>
  </datafield>
  <datafield tag="264" ind1=" " ind2="1">
    <subfield code="a">Orlando, Florida :</subfield>
    <subfield code="b">Ripley Publishing,</subfield>
    <subfield code="c">[2017]</subfield>
  </datafield>
  <datafield tag="264" ind1=" " ind2="4">
    <subfield code="c">&#xA9;2017</subfield>
  </datafield>
  <datafield tag="300" ind1=" " ind2=" ">
    <subfield code="a">255 pages :</subfield>
    <subfield code="b">illustrations (chiefly color) ;</subfield>
    <subfield code="c">31 cm.</subfield>
  </datafield>
  <datafield tag="336" ind1=" " ind2=" ">
    <subfield code="a">text</subfield>
    <subfield code="b">txt</subfield>
    <subfield code="2">rdacontent</subfield>
  </datafield>
  <datafield tag="336" ind1=" " ind2=" ">
    <subfield code="a">still image</subfield>
    <subfield code="b">sti</subfield>
    <subfield code="2">rdacontent</subfield>
  </datafield>
  <datafield tag="337" ind1=" " ind2=" ">
    <subfield code="a">unmediated</subfield>
    <subfield code="b">n</subfield>
    <subfield code="2">rdamedia</subfield>
  </datafield>
  <datafield tag="338" ind1=" " ind2=" ">
    <subfield code="a">volume</subfield>
    <subfield code="b">nc</subfield>
    <subfield code="2">rdacarrier</subfield>
  </datafield>
  <datafield tag="490" ind1="1" ind2=" ">
    <subfield code="a">Ripley's believe it or not! ;</subfield>
    <subfield code="v">14</subfield>
  </datafield>
  <datafield tag="500" ind1=" " ind2=" ">
    <subfield code="a">Includes index.</subfield>
  </datafield>
  <datafield tag="505" ind1="0" ind2=" ">
    <subfield code="a">Believe it! -- World -- Animals -- Pop culture -- People -- Beyond belief.</subfield>
  </datafield>
  <datafield tag="520" ind1=" " ind2=" ">
    <subfield code="a">Ripley's Believe It or Not! Shatter Your Senses! is filled with thousands of strange stories, bizarre feats, and hair-raising oddities from around the world. Discover the sport of underwater ice hockey or marvel at the flower that bloomed in space--it's all weird and all true! Bursting with vibrant and eye-catching photos, as well as submissions from our dedicated readers, this book is a must-have for every Ripley's fan.</subfield>
  </datafield>
  <datafield tag="650" ind1=" " ind2="0">
    <subfield code="a">Curiosities and wonders</subfield>
    <subfield code="v">Juvenile literature.</subfield>
  </datafield>
  <datafield tag="650" ind1=" " ind2="1">
    <subfield code="a">Curiosities and wonders.</subfield>
  </datafield>
  <datafield tag="650" ind1=" " ind2="7">
    <subfield code="a">JUVENILE NONFICTION</subfield>
    <subfield code="x">Curiosities &amp; Wonders.</subfield>
    <subfield code="2">bisacsh</subfield>
  </datafield>
  <datafield tag="650" ind1=" " ind2="7">
    <subfield code="a">JUVENILE NONFICTION</subfield>
    <subfield code="x">Reference.</subfield>
    <subfield code="2">bisacsh</subfield>
  </datafield>
  <datafield tag="650" ind1=" " ind2="7">
    <subfield code="a">REFERENCE</subfield>
    <subfield code="x">Yearbooks &amp; Annuals.</subfield>
    <subfield code="2">bisacsh</subfield>
  </datafield>
  <datafield tag="650" ind1=" " ind2="7">
    <subfield code="a">Curiosities and wonders.</subfield>
    <subfield code="2">fast</subfield>
    <subfield code="0">(OCoLC)fst00885285</subfield>
  </datafield>
  <datafield tag="655" ind1=" " ind2="4">
    <subfield code="a">Juvenile works.</subfield>
  </datafield>
  <datafield tag="655" ind1=" " ind2="7">
    <subfield code="a">Trivia and miscellanea.</subfield>
    <subfield code="2">fast</subfield>
    <subfield code="0">(OCoLC)fst01921748</subfield>
  </datafield>
  <datafield tag="655" ind1=" " ind2="7">
    <subfield code="a">Illustrated works.</subfield>
    <subfield code="2">fast</subfield>
    <subfield code="0">(OCoLC)fst01423873</subfield>
  </datafield>
  <datafield tag="655" ind1=" " ind2="7">
    <subfield code="a">Juvenile works.</subfield>
    <subfield code="2">fast</subfield>
    <subfield code="0">(OCoLC)fst01411637</subfield>
  </datafield>
  <datafield tag="655" ind1=" " ind2="7">
    <subfield code="a">Trivia and miscellanea.</subfield>
    <subfield code="2">lcgft</subfield>
  </datafield>
  <datafield tag="655" ind1=" " ind2="7">
    <subfield code="a">Illustrated works.</subfield>
    <subfield code="2">lcgft</subfield>
  </datafield>
  <datafield tag="830" ind1=" " ind2="0">
    <subfield code="a">Ripley's believe it or not! (Ripley Entertainment Inc.) ;</subfield>
    <subfield code="v">14.</subfield>
  </datafield>
  <datafield tag="856" ind1="4" ind2="2">
    <subfield code="3">More Info</subfield>
    <subfield code="i">Input this URL in a browser to get HTML More Info data.</subfield>
    <subfield code="q">HTML</subfield>
    <subfield code="u">http://firstsearch.oclc.org/WebZ/DECRead?standardNoType=1&amp;standardNo=1609911784&amp;sessionid=0&amp;srcdbname=worldcat&amp;key=1b6a1d263547aca85745d466455d5537ed72a3044791c137d4445d3870ced9f8&amp;ectype=MOREINFO</subfield>
  </datafield>
  <datafield tag="906" ind1=" " ind2=" ">
    <subfield code="a">7</subfield>
    <subfield code="b">cbc</subfield>
    <subfield code="c">copycat</subfield>
    <subfield code="d">2</subfield>
    <subfield code="e">epcn</subfield>
    <subfield code="f">20</subfield>
    <subfield code="g">y-gencatlg</subfield>
  </datafield>
  <datafield tag="942" ind1=" " ind2=" ">
    <subfield code="2">ddc</subfield>
    <subfield code="c">BK</subfield>
    <subfield code="h">031.02</subfield>
    <subfield code="i">TIB/R</subfield>
    <subfield code="k">031.02</subfield>
    <subfield code="m">TIB/R</subfield>
  </datafield>
  <datafield tag="952" ind1=" " ind2=" ">
    <subfield code="0">0</subfield>
    <subfield code="1">0</subfield>
    <subfield code="2">ddc</subfield>
    <subfield code="4">0</subfield>
    <subfield code="7">0</subfield>
    <subfield code="8">GENERAL COLLECTIONS</subfield>
    <subfield code="a">MES</subfield>
    <subfield code="b">MES</subfield>
    <subfield code="c">GEN</subfield>
    <subfield code="d">2024-02-02</subfield>
    <subfield code="l">0</subfield>
    <subfield code="o">031.02 TIB/R</subfield>
    <subfield code="p">45236</subfield>
    <subfield code="r">2024-02-02 15:56:19</subfield>
    <subfield code="v">399.00</subfield>
    <subfield code="w">2024-02-02</subfield>
    <subfield code="y">REF</subfield>
    <subfield code="z">U4R2</subfield>
  </datafield>
  <datafield tag="999" ind1=" " ind2=" ">
    <subfield code="c">44387</subfield>
    <subfield code="d">44387</subfield>
  </datafield>
</record>
